000 01544nam1a22003251 4500
001 RU\NLR\BIBL_A\022492820
005 20250807185219.0
035 _a(NLR Aleph) 022492820
090 _a88672
_c88672
100 _a20250310d1941 c y0rusy50 ca
101 1 _abel
_crus
102 _aBY
105 _a j
181 0 _ai
_bxxxe
182 0 _an
200 1 _aЗборнік арыфметычных задач і пактыкаванняў
_eдля пачатковай школы
_e[пераклад з рускага выд.]
_fН. С. Папова
203 _aТекст
_bвизуальный
_cнепосредственный
210 _aМінск
_cДзяржаўнае выд-ва пры СНК БССР, Вучэбна-педагагічная рэдакцыя
_d1941
215 _d23
517 1 _6z11790
_aСборник арифметических задач и упражнений
700 1 _aПопова
_bН. С.
_cпедагог-математик
_f1885-1975
_gНаталья Сергеевна
_3RU\NLR\AUTH\770198576
790 1 _6z117517
_aПопова
_bН. С.
_cпедагог-математик
_f1885-1975
_gНаталья Сергеевна
_3RU\NLR\AUTH\770198576
852 _aNLR
_jШифры разные
899 _aНБ Беларуси
942 _cBOOK
945 _aРоссийская национальная библиотека
980 _aBV
980 _aBEL